Hagyomány, tradíció, megújulás. Egy családi vállalkozás új termék bevezetése a hungarikumok piacára

Bibliographic Details
Main Author: Maros Mariann
Other Authors: Kasza Lajos
Format: Thesis
Kulcsszavak:Fűszerpaprika
Termékbevezetés
Innováció
Online Access:http://dolgozattar.uni-bge.hu/18829

MARC

LEADER 00000nta a2200000 i 4500
001 dolg18829
005 20191025122719.0
008 191025suuuu hu om 000 hun d
040 |a BGE Dolgozattár Repozitórium  |b hun 
041 |a hu 
100 1 |a Maros Mariann 
245 1 0 |a Hagyomány, tradíció, megújulás. Egy családi vállalkozás új termék bevezetése a hungarikumok piacára  |c Maros Mariann  |h [elektronikus dokumentum] 
695 |a Fűszerpaprika 
695 |a Termékbevezetés 
695 |a Innováció 
700 1 |a Kasza Lajos  |e ths 
856 4 0 |u http://dolgozattar.uni-bge.hu/18829/1/Szakdolgozat_Maros_Mariann_BRE5C4.pdf  |z Dokumentum-elérés 
856 4 0 |u http://dolgozattar.uni-bge.hu/18829/2/Titkos%C3%ADt%C3%A1s_Maros_Mariann_BRE5C4.pdf  |z Dokumentum-elérés